[Event "Sueca op 7th"]
[Site "Sueca"]
[Date "2023.08.13"]
[Round "9"]
[White "Deruelle Sala, Albert"]
[Black "Renteria Becerra, Jorge Elicer"]
[Result "1-0"]
[WhiteElo "2160"]
[BlackElo "2210"]
[PlyCount "63"]
[EventDate "2023.08.07"]
[EventType "swiss"]
[EventRounds "9"]
[EventCountry "ESP"]
[SourceTitle "CBM 215 Extra"]
[Source "ChessBase"]
[SourceDate "2023.09.30"]
[SourceVersion "1"]
[SourceVersionDate "2023.09.30"]
[SourceQuality "1"]

1. d4 Nf6 2. Bg5 e6 3. e4 h6 4. Bxf6 Qxf6 5. c3 c5 6. Nf3 cxd4 7. cxd4 Bb4+ 8. Nbd2 0-0 9. Bd3 d6 10. 0-0 Bxd2 11. Qxd2 Nc6 12. Qe3 e5 13. dxe5 dxe5 14. Rac1 Be6 15. Bb5 Nd4 16. Nxd4 exd4 17. Qe2 Bxa2 18. f4 Qb6 19. Kh1 Rac8 20. Ra1 Bb3 21. Ra3 Bc2 22. f5 Rc5 23. Bc4 Qb4 24. Bd5 d3 25. Qf2 d2 26. f6 g6 27. Rh3 d1Q 28. Rxd1 Bxd1 29. Rxh6 Bh5 30. Qe3 Qe1+ 31. Qxe1 Rfc8 32. g4 1-0

[Event "Sueca op 7th"]
[Site "Sueca"]
[Date "2023.08.12"]
[Round "7"]
[White "Deruelle Sala, Albert"]
[Black "Chernikov, Vladimir"]
[Result "1-0"]
[WhiteElo "2160"]
[BlackElo "2225"]
[PlyCount "65"]
[EventDate "2023.08.07"]
[EventType "swiss"]
[EventRounds "9"]
[EventCountry "ESP"]
[SourceTitle "CBM 215 Extra"]
[Source "ChessBase"]
[SourceDate "2023.09.30"]
[SourceVersion "1"]
[SourceVersionDate "2023.09.30"]
[SourceQuality "1"]

1. d4 d6 2. Nf3 Nd7 3. c4 e5 4. e4 Ngf6 5. Nc3 Be7 6. g3 0-0 7. Bg2 c6 8. 0-0 Rb8 9. c5 Qc7 10. h3 Rd8 11. Qc2 exd4 12. cxd6 Bxd6 13. Nxd4 Ne5 14. Bg5 Be7 15. Rad1 Bxh3 16. Bxh3 Rxd4 17. Nb5 Nf3+ 18. Kg2 Qa5 19. Nxd4 Nxg5 20. Bf5 g6 21. f4 gxf5 22. fxg5 Ng4 23. Qe2 Qa6 24. Qf3 Qxa2 25. Nxf5 Qxb2+ 26. Kh3 Qh2+ 27. Kxg4 h5+ 28. Kf4 Bd8 29. Rf2 Bc7+ 30. e5 Qh3 31. Rh1 Re8 32. Rxh3 Rxe5 33. Qxh5 1-0

[Event "Sueca op 7th"]
[Site "Sueca"]
[Date "2023.08.11"]
[Round "6"]
[White "Gavarrete, Nahun"]
[Black "Deruelle Sala, Albert"]
[Result "0-1"]
[WhiteElo "2232"]
[BlackElo "2160"]
[PlyCount "78"]
[EventDate "2023.08.07"]
[EventType "swiss"]
[EventRounds "9"]
[EventCountry "ESP"]
[SourceTitle "CBM 215 Extra"]
[Source "ChessBase"]
[SourceDate "2023.09.30"]
[SourceVersion "1"]
[SourceVersionDate "2023.09.30"]
[SourceQuality "1"]

1. Nf3 Nf6 2. b3 g6 3. Bb2 Bg7 4. g3 d5 5. Bg2 c5 6. 0-0 0-0 7. e3 Bf5 8. d3 Qc8 9. Re1 Rd8 10. Nbd2 a5 11. Qe2 Nc6 12. e4 Bg4 13. Qf1 dxe4 14. dxe4 Nb4 15. Red1 Nxc2 16. e5 Nd5 17. Rdc1 Nxa1 18. Bxa1 Bh6 19. Ne4 b6 20. Nfg5 Nc7 21. Qc4 Be6 22. Qc3 Qd7 23. f4 Rac8 24. Nd6 Nb5 25. Nxb5 Bxg5 26. Nd6 Bh6 27. Nxc8 Qxc8 28. Be4 Qd7 29. Rc2 Qd1+ 30. Kf2 Bg7 31. Bf3 Qd7 32. Qe3 a4 33. b4 cxb4 34. Qxb6 b3 35. axb3 axb3 36. Re2 Bc4 37. Bc6 Qd1 38. Bf3 Bxe2 39. Bxe2 Rd2 0-1

[Event "Sueca op 6th"]
[Site "Sueca"]
[Date "2022.07.30"]
[Round "7"]
[White "Martinez Clari, Joan"]
[Black "Deruelle Sala, Albert"]
[Result "1-0"]
[WhiteElo "1980"]
[BlackElo "2171"]
[PlyCount "53"]
[EventDate "2022.07.25"]
[EventType "swiss"]
[EventRounds "9"]
[EventCountry "ESP"]
[SourceTitle "CBM 209 Extra"]
[Source "ChessBase"]
[SourceDate "2022.09.30"]
[SourceVersion "1"]
[SourceVersionDate "2022.09.30"]
[SourceQuality "1"]

1. d4 f5 2. Nc3 Nf6 3. Bg5 d5 4. Bxf6 exf6 5. e3 Be6 6. Bd3 Qd7 7. Nge2 Nc6 8. Nf4 Bf7 9. Bb5 g6 10. Qf3 Bb4 11. Nd3 Bxc3+ 12. bxc3 Qd6 13. Nb4 0-0 14. Bxc6 bxc6 15. Nd3 Qa3 16. Kd2 Rab8 17. h4 Be6 18. h5 g5 19. Nc5 Bc8 20. h6 Rb5 21. Qg3 Rf7 22. Rh5 Rxc5 23. Rxg5+ Kf8 24. Rg8+ Ke7 25. Qxc7+ Bd7 26. dxc5 Qxc5 27. Rg7 1-0

[Event "SVK-chT1W 2122"]
[Site "Slovakia"]
[Date "2021.11.06"]
[Round "1.3"]
[White "Borhy, Marcell Boldizsar"]
[Black "Deruelle Sala, Albert"]
[Result "1-0"]
[WhiteElo "2396"]
[BlackElo "2158"]
[PlyCount "115"]
[EventDate "2021.11.06"]
[EventType "team-tourn"]
[EventRounds "11"]
[EventCountry "SVK"]
[SourceTitle "EXT 2023"]
[Source "ChessBase"]
[SourceDate "2022.10.05"]
[SourceVersion "1"]
[SourceVersionDate "2022.10.05"]
[SourceQuality "1"]
[WhiteTeam "Gabcikovo MSK"]
[BlackTeam "Topolcany"]
[WhiteTeamCountry "SVK"]
[BlackTeamCountry "SVK"]

1. Nf3 f5 2. g3 Nf6 3. Bg2 g6 4. b3 Bg7 5. Bb2 d6 6. d4 0-0 7. 0-0 c6 8. c4 e5 9. dxe5 Ng4 10. Nc3 dxe5 11. Qxd8 Rxd8 12. Rad1 Re8 13. e4 Na6 14. Rfe1 Nc5 15. Ba3 Nxe4 16. Nxe4 fxe4 17. Nd2 e3 18. fxe3 Bh6 19. Nf1 e4 20. Bb2 Bg7 21. Bxg7 Kxg7 22. Rd6 h5 23. Nd2 Bf5 24. c5 a5 25. Rd4 Rad8 26. Nc4 Rxd4 27. exd4 e3 28. h3 Nf6 29. Nxa5 Rd8 30. Rxe3 Rxd4 31. Nxb7 Rd2 32. a4 Nd5 33. Re1 h4 34. g4 Nf4 35. Bf1 Bd3 36. Nd6 Bxf1 37. Kxf1 Nxh3 38. Re7+ Kg8 39. Ne4 Rb2 40. a5 Ra2 41. g5 Rxa5 42. Kg2 Nf4+ 43. Kf3 Nd3 44. Nf6+ Kf8 45. Re3 Nb4 46. Kg4 Kf7 47. Nd7 Rb5 48. Rf3+ Ke8 49. Ne5 Rxc5 50. Nxg6 Nc2 51. Nxh4 Nd4 52. Rf6 Rc1 53. Nf5 Rg1+ 54. Kh5 Rh1+ 55. Kg6 Nxb3 56. Rxc6 Nd2 57. Re6+ Kf8 58. Rd6 1-0

[Event "SVK-ch Amateurs"]
[Site "Topolcany"]
[Date "2021.08.08"]
[Round "5"]
[White "Deruelle Sala, Albert"]
[Black "Garban, Mario"]
[Result "0-1"]
[WhiteElo "2181"]
[BlackElo "2063"]
[PlyCount "82"]
[EventDate "2021.08.06"]
[EventType "swiss"]
[EventRounds "7"]
[EventCountry "SVK"]
[SourceTitle "EXT 2022"]
[Source "ChessBase"]
[SourceDate "2021.10.06"]
[SourceVersion "1"]
[SourceVersionDate "2021.10.06"]
[SourceQuality "1"]

1. d4 d6 2. Nf3 Nd7 3. e4 e5 4. c3 Ngf6 5. Bd3 c6 6. 0-0 g6 7. Ne1 Nh5 8. Bc2 Bg7 9. Be3 0-0 10. Nd3 d5 11. f4 exd4 12. cxd4 dxe4 13. Ne5 c5 14. Nc3 cxd4 15. Bxd4 Nxe5 16. fxe5 Bg4 17. Qxg4 Qxd4+ 18. Kh1 Qxe5 19. Qxe4 Qxe4 20. Nxe4 Rac8 21. Bb3 Bxb2 22. Rad1 Be5 23. Rd7 Rc7 24. Rd5 Re7 25. g4 Nf4 26. Rxe5 Rxe5 27. Rxf4 Kg7 28. g5 h6 29. h4 hxg5 30. hxg5 Rf5 31. Rg4 Rd8 32. Rg2 b5 33. Bc2 a5 34. Kh2 a4 35. Kh3 Rd4 36. Rg4 Re5 37. Kg3 b4 38. Kf3 b3 39. axb3 axb3 40. Bxb3 Rd3+ 41. Kf4 Rf5# 0-1

[Event "SVK-ch Amateurs"]
[Site "Topolcany"]
[Date "2021.08.06"]
[Round "2"]
[White "Skreko, Igor1111"]
[Black "Deruelle Sala, Albert"]
[Result "1-0"]
[WhiteElo "2014"]
[BlackElo "2181"]
[PlyCount "91"]
[EventDate "2021.08.06"]
[EventType "swiss"]
[EventRounds "7"]
[EventCountry "SVK"]
[SourceTitle "EXT 2022"]
[Source "ChessBase"]
[SourceDate "2021.10.06"]
[SourceVersion "1"]
[SourceVersionDate "2021.10.06"]
[SourceQuality "1"]

1. d4 f5 2. c4 Nf6 3. g3 g6 4. Bg2 Bg7 5. Nf3 0-0 6. 0-0 d6 7. Nc3 Qe8 8. d5 Na6 9. Rb1 Nc5 10. b4 Nce4 11. Bb2 e5 12. dxe6 Bxe6 13. Nxe4 fxe4 14. Nd2 Bf5 15. e3 a5 16. a3 a4 17. Qc2 Nd7 18. Bxg7 Kxg7 19. Bxe4 Ne5 20. Bxf5 gxf5 21. Kg2 Qc6+ 22. f3 Rf6 23. Qc3 Rg8 24. Rbe1 Kf8 25. b5 Qe8 26. f4 Nd7 27. e4 Re6 28. Qd4 Nf6 29. exf5 Re2+ 30. Rxe2 Qxe2+ 31. Rf2 Qe7 32. Qd3 Nh5 33. Qf3 Qh4 34. Ne4 Qe7 35. Re2 Nf6 36. Nc5 dxc5 37. Rxe7 Kxe7 38. Qxb7 Rd8 39. Qxc7+ Rd7 40. Qxc5+ Kf7 41. Qe3 Re7 42. Qf3 Ne4 43. Qh5+ Kf8 44. Qh6+ Kg8 45. b6 Nd2 46. Qe6+ 1-0

[Event "Suwalki Warakomska Memorial op 4th"]
[Site "Suwalki"]
[Date "2020.08.09"]
[Round "5"]
[White "Jarocka, Liwia"]
[Black "Deruelle Sala, Albert"]
[Result "1/2-1/2"]
[WhiteElo "1934"]
[BlackElo "2086"]
[PlyCount "106"]
[EventDate "2020.08.06"]
[EventType "swiss"]
[EventRounds "9"]
[EventCountry "POL"]
[SourceTitle "CBM 197 Extra"]
[Source "ChessBase"]
[SourceDate "2020.09.30"]
[SourceVersion "1"]
[SourceVersionDate "2020.09.30"]
[SourceQuality "1"]

1. e4 c5 2. Nf3 e6 3. d4 cxd4 4. Nxd4 a6 5. c4 Nf6 6. Nc3 Bb4 7. Qd3 0-0 8. Be2 Nc6 9. Nxc6 dxc6 10. 0-0 Qxd3 11. Bxd3 e5 12. Be3 Be6 13. Na4 b5 14. Bc5 Rfd8 15. Bxb4 Rxd3 16. Nc5 Rd4 17. Nxe6 fxe6 18. f3 Rxc4 19. Bc3 Rd8 20. Bxe5 Rd2 21. Bc3 Re2 22. a3 Kf7 23. Rfc1 Nd7 24. Kf1 Re3 25. Kf2 Rd3 26. Ke2 Nc5 27. Rd1 Rxd1 28. Rxd1 Na4 29. Be5 Nb6 30. Bc7 Na4 31. Rd2 Rc1 32. Be5 Nb6 33. Bc3 g6 34. Rd1 Rxd1 35. Kxd1 Nc4 36. Ke2 c5 37. Kd3 Ke7 38. a4 Kd6 39. f4 Kc6 40. g4 Nd6 41. axb5+ axb5 42. e5 Nb7 43. Ke4 b4 44. Bd2 Na5 45. f5 Nc4 46. Bc1 gxf5+ 47. gxf5 exf5+ 48. Kxf5 Nb6 49. e6 Nd5 50. Ke5 c4 51. Kd4 c3 52. bxc3 bxc3 53. e7 Nxe7 1/2-1/2

[Event "SVK-ch rapid"]
[Site "Topolcany"]
[Date "2020.07.11"]
[Round "1"]
[White "Deruelle Sala, Albert"]
[Black "Skreko, Igor1111"]
[Result "1-0"]
[WhiteElo "2078"]
[BlackElo "1576"]
[PlyCount "63"]
[EventDate "2020.07.11"]
[EventType "swiss (rapid)"]
[EventRounds "9"]
[EventCountry "SVK"]
[SourceTitle "CBM 197 Extra"]
[Source "ChessBase"]
[SourceDate "2020.09.30"]
[SourceVersion "1"]
[SourceVersionDate "2020.09.30"]
[SourceQuality "1"]

1. d4 Nf6 2. Bg5 Ne4 3. h4 Nxg5 4. hxg5 e6 5. Nf3 Nc6 6. Nc3 Be7 7. Qd2 d5 8. 0-0-0 Bd7 9. e4 dxe4 10. Nxe4 b6 11. Kb1 Na5 12. d5 exd5 13. Qxd5 Be6 14. Bb5+ c6 15. Bxc6+ Nxc6 16. Qxc6+ Bd7 17. Rxd7 Qxd7 18. Qxa8+ Bd8 19. Ne5 Qc7 20. Qc6+ Qxc6 21. Nxc6 a5 22. Nd6+ Kd7 23. Nxf7 Kxc6 24. Nxh8 Bxg5 25. Rxh7 Bf6 26. Nf7 Kd5 27. g4 Ke6 28. g5 Kxf7 29. gxf6 Kxf6 30. Rh8 b5 31. Rb8 b4 32. Rb5 1-0

[Event "SVK-ch rapid"]
[Site "Topolcany"]
[Date "2020.07.11"]
[Round "4"]
[White "Pniaczek, Marek"]
[Black "Deruelle Sala, Albert"]
[Result "0-1"]
[WhiteElo "1893"]
[BlackElo "2078"]
[PlyCount "100"]
[EventDate "2020.07.11"]
[EventType "swiss (rapid)"]
[EventRounds "9"]
[EventCountry "SVK"]
[SourceTitle "CBM 197 Extra"]
[Source "ChessBase"]
[SourceDate "2020.09.30"]
[SourceVersion "1"]
[SourceVersionDate "2020.09.30"]
[SourceQuality "1"]

1. e4 c5 2. Nf3 e6 3. d4 cxd4 4. Nxd4 a6 5. c4 Nf6 6. Nc3 Bb4 7. Qd3 0-0 8. Be2 d6 9. 0-0 Nbd7 10. f3 Ne5 11. Qc2 Bc5 12. Be3 Qb6 13. Na4 Bxd4 14. Nxb6 Bxe3+ 15. Kh1 Bxb6 16. Rad1 Bc5 17. g4 Ng6 18. f4 Bd7 19. g5 Nxe4 20. Bf3 f5 21. gxf6 Nxf6 22. Bxb7 Ra7 23. Bg2 Nh4 24. Qd3 Nxg2 25. Kxg2 Bc6+ 26. Kh3 Be4 27. Qe2 Bf5+ 28. Kg2 Bg4 29. Qd3 Bxd1 30. Qxd1 Re7 31. a3 a5 32. Rf3 Ng4 33. Qe2 Nh6 34. Qe4 Nf5 35. Rd3 Rf6 36. b4 axb4 37. axb4 Bxb4 38. Rb3 Bc5 39. Rb8+ Rf8 40. Rb3 h6 41. Rd3 e5 42. Qd5+ Kh8 43. fxe5 Rxe5 44. Qc6 Re2+ 45. Kh3 Ne7 46. Qb7 Rff2 47. Rg3 Rxh2+ 48. Kg4 h5+ 49. Kg5 Re5+ 50. Kf4 Rf2+ 0-1

[Event "Alzira U2200 op 9th"]
[Site "Alzira"]
[Date "2019.12.27"]
[Round "1.3"]
[White "Deruelle Sala, Albert"]
[Black "Moreno Gonzalez, Pablo"]
[Result "1-0"]
[WhiteElo "2050"]
[BlackElo "1663"]
[PlyCount "41"]
[EventDate "2019.12.27"]
[EventType "swiss"]
[EventRounds "8"]
[EventCountry "ESP"]
[SourceTitle "EXT 2024"]
[Source "ChessBase"]
[SourceDate "2023.10.10"]
[SourceVersion "1"]
[SourceVersionDate "2023.10.10"]
[SourceQuality "1"]

1. d4 f5 2. e4 fxe4 3. Nc3 Nf6 4. Bg5 Nc6 5. d5 Ne5 6. Qe2 Nf7 7. Bxf6 exf6 8. Nxe4 Bb4+ 9. c3 Be7 10. d6 cxd6 11. 0-0-0 0-0 12. Qh5 Qc7 13. Nh3 a6 14. Nf4 Bd8 15. Bd3 Nh6 16. Ng3 Qc5 17. Nf5 Nxf5 18. Bxf5 g6 19. Nxg6 Rf7 20. Rhe1 hxg6 21. Re8+ 1-0

[Event "Alzira U2200 op 9th"]
[Site "Alzira"]
[Date "2019.12.27"]
[Round "2.2"]
[White "Donate Moreno, Silvia"]
[Black "Deruelle Sala, Albert"]
[Result "1-0"]
[WhiteElo "1788"]
[BlackElo "2050"]
[PlyCount "99"]
[EventDate "2019.12.27"]
[EventType "swiss"]
[EventRounds "8"]
[EventCountry "ESP"]
[SourceTitle "EXT 2024"]
[Source "ChessBase"]
[SourceDate "2023.10.10"]
[SourceVersion "1"]
[SourceVersionDate "2023.10.10"]
[SourceQuality "1"]

1. e4 c5 2. Nf3 e6 3. c4 g6 4. d4 Bg7 5. Nc3 Nc6 6. Be3 cxd4 7. Nxd4 a6 8. Be2 Nge7 9. 0-0 0-0 10. Nb3 f5 11. f3 f4 12. Bf2 g5 13. Qd2 Ne5 14. Na4 h5 15. Bb6 Qe8 16. h3 Qg6 17. Bc5 N7c6 18. Bxf8 Bxf8 19. Nb6 Rb8 20. c5 Bh6 21. Na5 Nxa5 22. Qxa5 g4 23. fxg4 f3 24. gxf3 Be3+ 25. Kg2 Qg5 26. Qe1 Ng6 27. f4 Nxf4+ 28. Rxf4 Qxf4 29. b4 d6 30. Rd1 dxc5 31. Rd8+ Kg7 32. Nxc8 Bd4 33. Qg3 Qxe4+ 34. Qf3 Qxf3+ 35. Bxf3 e5 36. bxc5 Bxc5 37. Rd7+ Kf6 38. Bxb7 hxg4 39. hxg4 a5 40. Kf3 a4 41. Rc7 Bd4 42. Kg3 Kg5 43. Nd6 Rf8 44. Ne4+ Kh6 45. g5+ Kg6 46. Rc6+ Kg7 47. Nf6 Rh8 48. Kg4 Rh2 49. Rc7+ Kh8 50. Bd5 1-0

[Event "Quart Poblet op 2nd Blitz"]
[Site "Quart de Poblet"]
[Date "2019.08.10"]
[Round "4.4"]
[White "Ballester Llagaria, Luis Eduardo"]
[Black "Deruelle Sala, Albert"]
[Result "1-0"]
[WhiteElo "2291"]
[BlackElo "2105"]
[PlyCount "117"]
[EventDate "2019.08.10"]
[EventType "swiss (blitz)"]
[EventRounds "9"]
[EventCountry "ESP"]
[SourceTitle "EXT 2024"]
[Source "ChessBase"]
[SourceDate "2023.10.10"]
[SourceVersion "1"]
[SourceVersionDate "2023.10.10"]
[SourceQuality "1"]

1. e4 c5 2. Nc3 e6 3. Nf3 a6 4. d4 cxd4 5. Nxd4 Bb4 6. Qf3 Nc6 7. Nxc6 bxc6 8. Bd3 Ne7 9. 0-0 0-0 10. e5 Ng6 11. Qe4 Bxc3 12. bxc3 f5 13. Qd4 Qc7 14. Ba3 Qxe5 15. Bxf8 Kxf8 16. f4 Qc7 17. Qc5+ d6 18. Qe3 Bd7 19. Rab1 Ne7 20. c4 Rb8 21. c5 a5 22. cxd6 Qxd6 23. Rxb8+ Qxb8 24. Qc5 a4 25. c4 Kf7 26. a3 Qb3 27. Qd6 Bc8 28. Be2 Qe3+ 29. Rf2 Ba6 30. Qd3 Qc5 31. Qc3 Nc8 32. Qb4 Qd4 33. c5 Qxb4 34. axb4 Bb5 35. Bxb5 cxb5 36. Rd2 Ke7 37. Kf2 Ke8 38. Ke2 Ne7 39. Rd6 Nd5 40. Rxe6+ Kf7 41. Re5 Nxb4 42. Rxf5+ Ke6 43. Re5+ Kd7 44. Kd2 Kc6 45. Kc3 Nd5+ 46. Kd4 Nxf4 47. g3 Ng6 48. Re6+ Kc7 49. Rb6 Ne7 50. Rxb5 Nc6+ 51. Kd5 a3 52. Rb1 a2 53. Ra1 Nb4+ 54. Kc4 Nc2 55. Rxa2 Ne3+ 56. Kb5 Nf5 57. Ra7+ Kb8 58. Rf7 Nd4+ 59. Kb6 1-0

[Event "Quart Poblet op 2nd Blitz"]
[Site "Quart de Poblet"]
[Date "2019.08.10"]
[Round "8.7"]
[White "Hassomal Daswani, Birjkumar"]
[Black "Deruelle Sala, Albert"]
[Result "0-1"]
[WhiteElo "1971"]
[BlackElo "2105"]
[PlyCount "40"]
[EventDate "2019.08.10"]
[EventType "swiss (blitz)"]
[EventRounds "9"]
[EventCountry "ESP"]
[SourceTitle "EXT 2024"]
[Source "ChessBase"]
[SourceDate "2023.10.10"]
[SourceVersion "1"]
[SourceVersionDate "2023.10.10"]
[SourceQuality "1"]

1. e4 c5 2. Nc3 e6 3. f4 d5 4. Nf3 dxe4 5. Nxe4 Nc6 6. Bb5 Bd7 7. Bxc6 Bxc6 8. Ng3 h5 9. 0-0 h4 10. Ne2 h3 11. gxh3 Rxh3 12. Ng3 Qd5 13. Qe2 0-0-0 14. d3 Nf6 15. Ng5 Rh4 16. Nxf7 Ng4 17. Nxd8 Rxh2 18. Qe4 Rg2+ 19. Kh1 Rxg3 20. Nxc6 Qh5# 0-1

[Event "Xativa Murta op 5th"]
[Site "Xativa"]
[Date "2019.07.18"]
[Round "5"]
[White "Deruelle Sala, Albert"]
[Black "Ponce Valero, Juan Antonio"]
[Result "1-0"]
[WhiteElo "2076"]
[BlackElo "1949"]
[PlyCount "79"]
[EventDate "2019.07.15"]
[EventType "swiss"]
[EventRounds "9"]
[EventCountry "ESP"]
[SourceTitle "EXT 2020"]
[Source "ChessBase"]
[SourceDate "2019.10.17"]
[SourceVersion "1"]
[SourceVersionDate "2019.10.17"]
[SourceQuality "1"]

1. Nf3 d5 2. b3 Nc6 3. Bb2 Bg4 4. e3 Nf6 5. c4 e6 6. d3 Be7 7. h3 Bh5 8. g4 Bg6 9. Nh4 dxc4 10. bxc4 Bb4+ 11. Ke2 Qd7 12. Nxg6 hxg6 13. Bg2 Rd8 14. Na3 0-0 15. Qb3 a5 16. Rad1 b6 17. Nb5 Rfe8 18. a3 Bf8 19. Nc3 Ne7 20. h4 Nxg4 21. h5 g5 22. Ne4 Nf5 23. Bf3 Ngh6 24. Rdg1 f6 25. Bxf6 Nh4 26. Rxh4 gxh4 27. Bxg7 Qxg7 28. Nf6+ Kh8 29. Rxg7 Bxg7 30. Nxe8 Rxe8 31. c5 Nf5 32. cxb6 cxb6 33. Qxb6 h3 34. Qxa5 h2 35. Qc7 e5 36. Be4 Rf8 37. a4 Nh6 38. a5 Ng4 39. a6 Nxf2 40. h6 1-0

[Event "Xativa Murta op 5th"]
[Site "Xativa"]
[Date "2019.07.17"]
[Round "4"]
[White "Albuixec Sanz, Jorge"]
[Black "Deruelle Sala, Albert"]
[Result "0-1"]
[WhiteElo "1781"]
[BlackElo "2076"]
[PlyCount "38"]
[EventDate "2019.07.15"]
[EventType "swiss"]
[EventRounds "9"]
[EventCountry "ESP"]
[SourceTitle "EXT 2020"]
[Source "ChessBase"]
[SourceDate "2019.10.17"]
[SourceVersion "1"]
[SourceVersionDate "2019.10.17"]
[SourceQuality "1"]

1. e4 c5 2. Nf3 e6 3. d4 cxd4 4. Nxd4 a6 5. Be2 Qc7 6. 0-0 Nf6 7. Nc3 Bb4 8. Qd3 d6 9. Bg5 Nbd7 10. Bxf6 Nxf6 11. Ncb5 Qb8 12. a3 Bc5 13. b4 Bb6 14. a4 axb5 15. Qxb5+ Nd7 16. Rfd1 0-0 17. c4 Bxd4 18. Rxd4 Nf6 19. Qb6 Ra6 0-1

[Event "Xativa Murta op 5th"]
[Site "Xativa"]
[Date "2019.07.15"]
[Round "1"]
[White "Deruelle Sala, Albert"]
[Black "Garcia Martin, Javier Antonio"]
[Result "1-0"]
[WhiteElo "2076"]
[BlackElo "1606"]
[PlyCount "63"]
[EventDate "2019.07.15"]
[EventType "swiss"]
[EventRounds "9"]
[EventCountry "ESP"]
[SourceTitle "EXT 2020"]
[Source "ChessBase"]
[SourceDate "2019.10.17"]
[SourceVersion "1"]
[SourceVersionDate "2019.10.17"]
[SourceQuality "1"]

1. d4 f5 2. e4 fxe4 3. Nc3 Nf6 4. Bg5 g6 5. Bxf6 exf6 6. Nxe4 d5 7. Ng3 Nc6 8. Bd3 Be6 9. N1e2 Bd6 10. c3 Qd7 11. Qc2 0-0-0 12. 0-0-0 Kb8 13. h4 Ne7 14. h5 f5 15. f4 Bf7 16. Nf1 Nc8 17. Nd2 Nb6 18. Nf3 Nc4 19. Bxc4 dxc4 20. hxg6 hxg6 21. Ne5 Qe7 22. Rxh8 Rxh8 23. Ng1 Bxe5 24. dxe5 Rd8 25. Nf3 Bd5 26. Ng5 b5 27. Qf2 a5 28. Rh1 Rg8 29. Qd4 c6 30. e6 Qa7 31. Rh8 Qg7 32. Qxg7 1-0

[Event "Tabiya Alcoy U2200 op-B 8th"]
[Site "Alcoy"]
[Date "2019.07.14"]
[Round "7"]
[White "Deruelle Sala, Albert"]
[Black "Barbero Verdu, Francisco"]
[Result "1-0"]
[WhiteElo "2076"]
[BlackElo "2018"]
[PlyCount "73"]
[EventDate "2019.07.12"]
[EventType "swiss"]
[EventRounds "7"]
[EventCountry "ESP"]
[SourceTitle "EXT 2021"]
[Source "ChessBase"]
[SourceDate "2020.10.23"]
[SourceVersion "1"]
[SourceVersionDate "2020.10.23"]
[SourceQuality "1"]

1. d4 Nf6 2. c4 e5 3. dxe5 Ng4 4. e4 Nxe5 5. f4 Nec6 6. Be3 Bb4+ 7. Nc3 Bxc3+ 8. bxc3 Qe7 9. Qd3 d6 10. Be2 Nd7 11. Bf3 Nb6 12. c5 dxc5 13. Qb5 a6 14. Qxc5 Qxc5 15. Bxc5 Na4 16. Bd4 Nxd4 17. cxd4 0-0 18. Ne2 Bd7 19. d5 f6 20. Nd4 Nc5 21. Kd2 Rfe8 22. Rhe1 Rad8 23. Rac1 b6 24. Nb3 Nxb3+ 25. axb3 c5 26. Kc3 Kf8 27. g4 Bb5 28. Rcd1 Ke7 29. e5 g6 30. h4 fxe5 31. fxe5 Rf8 32. d6+ Ke8 33. Be4 Rf4 34. h5 Rxg4 35. hxg6 hxg6 36. e6 Rg3+ 37. Kb2 1-0

[Event "EU-ch Amateur U2300"]
[Site "Niksic"]
[Date "2018.06.21"]
[Round "9"]
[White "Deruelle Sala, Albert"]
[Black "Lacrosse, Marc"]
[Result "0-1"]
[WhiteElo "2044"]
[BlackElo "2138"]
[PlyCount "64"]
[EventDate "2018.06.14"]
[EventType "swiss"]
[EventRounds "9"]
[EventCountry "MNE"]
[SourceTitle "CBM 185 Extra"]
[Source "ChessBase"]
[SourceDate "2018.07.29"]
[SourceVersion "1"]
[SourceVersionDate "2018.07.29"]
[SourceQuality "1"]

1. d4 d5 2. c4 e6 3. Nc3 Nf6 4. Bg5 Nbd7 5. e3 c6 6. cxd5 exd5 7. Bd3 Be7 8. Nge2 0-0 9. Qc2 Re8 10. 0-0-0 Nf8 11. Kb1 a5 12. f3 b5 13. g4 a4 14. Ng3 Qa5 15. Bxf6 Bxf6 16. e4 b4 17. Nce2 b3 18. Qc3 bxa2+ 19. Kxa2 Qb6 20. e5 Be7 21. Nf5 Bb4 22. Qc1 Rb8 23. Nf4 Ne6 24. Nxe6 Bxe6 25. Rhg1 Bf8 26. Qc3 c5 27. Rg2 c4 28. Bc2 Qa6 29. Ra1 Rb3 30. Qe1 a3 31. Bxb3 cxb3+ 32. Kb1 Qd3+ 0-1

[Event "EU-ch Amateur U2300"]
[Site "Niksic"]
[Date "2018.06.17"]
[Round "5"]
[White "Deruelle Sala, Albert"]
[Black "Ljesar, Dragan"]
[Result "1/2-1/2"]
[WhiteElo "2044"]
[BlackElo "2119"]
[PlyCount "127"]
[EventDate "2018.06.14"]
[EventType "swiss"]
[EventRounds "9"]
[EventCountry "MNE"]
[SourceTitle "CBM 185 Extra"]
[Source "ChessBase"]
[SourceDate "2018.07.29"]
[SourceVersion "1"]
[SourceVersionDate "2018.07.29"]
[SourceQuality "1"]

1. d4 Nf6 2. Bg5 d5 3. e3 e6 4. c4 c6 5. Nc3 Nbd7 6. cxd5 exd5 7. Bd3 Be7 8. Nge2 0-0 9. Qc2 Re8 10. 0-0-0 Nf8 11. f3 b5 12. g4 Qa5 13. Kb1 Nxg4 14. fxg4 Bxg5 15. e4 b4 16. Na4 dxe4 17. Bc4 Bxg4 18. Nc5 Bf3 19. Rhg1 Be3 20. Bxf7+ Kh8 21. Bxe8 Rxe8 22. Rg3 Qb5 23. Re1 Qb8 24. Nc1 Bf4 25. Rh3 Qc8 26. Rh4 Bg5 27. Rhxe4 Bxe4 28. Nxe4 Bxc1 29. Rxc1 Qd7 30. Ng5 h6 31. Nf3 Re3 32. Rf1 Qf7 33. Qxc6 Qg6+ 34. Qxg6 Nxg6 35. Kc2 Nf4 36. Ne5 g5 37. h4 Kg7 38. hxg5 hxg5 39. Rg1 Ne6 40. Nc6 Kg6 41. d5 Nc5 42. Nxb4 Re2+ 43. Kc3 Na4+ 44. Kb3 Nb6 45. Rd1 Re3+ 46. Kc2 Re2+ 47. Kc3 Kf7 48. Nc6 g4 49. Nxa7 g3 50. d6 Ke8 51. Rd3 g2 52. Rg3 Kd7 53. Rg6 Nd5+ 54. Kd4 Nf4 55. Rg7+ Kxd6 56. Nb5+ Kc6 57. Na7+ Kd6 58. Nb5+ Kc6 59. Kc4 Rd2 60. a4 Nh3 61. Nd4+ Kd6 62. Nf3 Rf2 63. Rg3 Nf4 64. Nh4 1/2-1/2

[Event "Xeraco Region-ch"]
[Site "Xeraco"]
[Date "2015.10.31"]
[Round "4.1"]
[White "Fos Santacreu, Juan Andres"]
[Black "Deruelle Sala, Albert"]
[Result "0-1"]
[WhiteElo "2262"]
[BlackElo "2038"]
[PlyCount "58"]
[EventDate "2015.10.03"]
[EventType "swiss"]
[EventRounds "7"]
[EventCountry "ESP"]
[SourceTitle "EXT 2024"]
[Source "ChessBase"]
[SourceDate "2023.10.10"]
[SourceVersion "1"]
[SourceVersionDate "2023.10.10"]
[SourceQuality "1"]

1. c4 e5 2. g3 f5 3. Bg2 Nf6 4. Nf3 d6 5. Nc3 g6 6. d3 Bg7 7. Bg5 h6 8. Bd2 0-0 9. 0-0 c6 10. b4 Qe7 11. Rb1 Kh7 12. e3 Nbd7 13. b5 Nc5 14. d4 Nce4 15. dxe5 dxe5 16. Nxe4 fxe4 17. Ne1 c5 18. f3 exf3 19. Bxf3 Bf5 20. Rb3 Rad8 21. Qc1 Ne4 22. Rb2 h5 23. Ng2 Ng5 24. Bd5 Bd3 25. Re1 Rxd5 26. cxd5 Nf3+ 27. Kh1 Nxe1 28. Nxe1 Be4+ 29. Kg1 Qf7 0-1